000 00797nam a2200217Ii 4500
003 JO-AjNU
008 230605s9999||||xx |||||||||||||| ||und||
017 _a2001/9/1954
040 _aJO-AjNU
_bara
_erda
_cJO-AjNU
041 _aara
050 1 4 _aKBP2460.M8.2001
100 3 _a جامعة الزرقاء الأهلية ,
_eauthor
_948490
245 0 0 _aمؤتمر حقوق الإنسان في الشريعة والقانون : التحديات والحلول
250 _aط1
264 3 1 _aالزرقاء : جامعة الزرقاء الأهلية ، 2001
300 _a1128ص
336 _atext
_btxt
_2rdacontent
337 _aunmediated
_bn
_2rdamedia
338 _avolume
_bnc
_2rdacarrier
650 4 _aحقوق الإنسان -- الحقوق المدنية والسياسية
_948491
999 _aA21239
_c24807
_d24807